Η επικοινωνία των νηπίων μέσω των εικαστικών : το παράδειγμα της ζωγραφικής ; διπλωματική εργασία [πτυχιακή εργασία]

Αποθηκεύτηκε σε:
Λεπτομέρειες βιβλιογραφικής εγγραφής
Κύριος συγγραφέας: Πουλιτσίδου, Νιόβη-Χριστίνα
Συγγραφή απο Οργανισμό/Αρχή: Πανεπιστήμιο Αιγαίου Σχολή Ανθρωπιστικών Επιστημών Τμήμα Επιστημών της Προσχολικής Αγωγής και του Εκπαιδευτικού Σχεδιασμού
Μορφή: Thesis Βιβλίο
Γλώσσα:Greek
Δημοσίευση: 2016.
Θέματα:
Διαθέσιμο Online:http://hdl.handle.net/11610/23008
Ετικέτες: Προσθήκη ετικέτας
Δεν υπάρχουν, Καταχωρήστε ετικέτα πρώτοι!

MARC

LEADER 00000cam a2200000 a 4500
001 1/111989
008 160920s2016####gr | ||| |||| ||gre||
040 |a GR-MyUa  |b gre  |c GR-MyUa  |e AACR2 
041 0 |a gre 
082 7 |a 155.4   |2 (23) 
100 1 |a Πουλιτσίδου, Νιόβη-Χριστίνα. 
245 1 2 |a Η επικοινωνία των νηπίων μέσω των εικαστικών :   |b το παράδειγμα της ζωγραφικής ; διπλωματική εργασία [πτυχιακή εργασία] /   |c Πουλιτσίδου Νιόβη-Χριστίνα ; επιβλέπων καθηγητής: Σταμάτης Παναγιώτης.  
260 |c 2016.  
300 |a 101 σ. :   |b πίν., διαγρ. ;   |c 30 εκ.  
500 |a Μέλη εξεταστικής επιτροπής: Ξανθάκου Ποτίτσα, Κοντάκος Αναστάσιος.  
502 |a Πτυχιακή εργασία – Πανεπιστήμιο Αιγαίου, Ρόδος, 2016. 
504 |a Βιβλιογραφία: σ. 100-101.  
506 1 |a Πλήρες κείμενο - Ενδοπανεπιστημιακή δημοσίευση - Κλειδωμένη η δυνατότητα αντιγραφής.  
650 0 |a Children's drawings  |x Psychological aspects. 
650 0 |a Communicative competence in children. 
650 0 |a Education, Preschool  |x Activity programs. 
650 0 |a Communication in education. 
650 0 |a Drawing ability in children. 
700 1 |a Σταμάτης, Παναγιώτης Ι.,   |d 1967-  |e dgs 
710 2 |a Πανεπιστήμιο Αιγαίου  |b Σχολή Ανθρωπιστικών Επιστημών  |b Τμήμα Επιστημών της Προσχολικής Αγωγής και του Εκπαιδευτικού Σχεδιασμού. 
852 |a INST  |b RHODES  |c DIATR  |e 20160919  |h 155.4 ΠΟΥ  |p 005400038791  |q 005400038791  |t DIE  |y 23 
856 |u http://hdl.handle.net/11610/23008 
924 |a Πουλιτσίδου   |b Νιόβη-Χριστίνα   |y Ρόδος  |z 2016-07  
970 |z 20-09-2016